000 00735cam a2200133 4500500
005 20251214002045.0
041 _afre
042 _adc
100 1 0 _aVelut, Sébastien
_eauthor
245 0 0 _aL'Amérique latine : Capes-Agrégation Histoire-Géographie
260 _bArmand Colin,
_c2022.
520 _aLe manuel traite de l'ensemble des notions abordées au programme de la nouvelle question de géographie pour les concours du CAPES d'histoire-géographie et de l'agrégation. Au programme du CAPES pour les sessions 2023 à 2025. Au programme de l'Agrég de Géographie pour les sessions 2022 et certainement 2023.
856 4 1 _uhttps://shs.cairn.info/l-amerique-latine--9782200632335?lang=fr&redirect-ssocas=7080
999 _c1566740
_d1566740